<?xml version="1.0" encoding="UTF-8"?>
<record
    xmlns:xsi="http://www.w3.org/2001/XMLSchema-instance"
    xsi:schemaLocation="http://www.loc.gov/MARC21/slim http://www.loc.gov/standards/marcxml/schema/MARC21slim.xsd"
    xmlns="http://www.loc.gov/MARC21/slim">

  <leader>00697nam a2200193   4500</leader>
  <controlfield tag="001">83239</controlfield>
  <controlfield tag="003">BD-RjUL</controlfield>
  <controlfield tag="005">20240305112038.0</controlfield>
  <controlfield tag="008">240305s1962    p  ||||| |||| 00| 0 urd d</controlfield>
  <datafield tag="035" ind1=" " ind2=" ">
    <subfield code="a">(BD-RjUL)83239</subfield>
  </datafield>
  <datafield tag="040" ind1=" " ind2=" ">
    <subfield code="a">BD-RjUL</subfield>
    <subfield code="b">eng</subfield>
    <subfield code="c">BD-RjUL</subfield>
  </datafield>
  <datafield tag="041" ind1=" " ind2=" ">
    <subfield code="a">urd</subfield>
  </datafield>
  <datafield tag="082" ind1=" " ind2=" ">
    <subfield code="2">23</subfield>
    <subfield code="a">954.0231</subfield>
    <subfield code="b">WAJ</subfield>
  </datafield>
  <datafield tag="245" ind1="1" ind2="0">
    <subfield code="a"> &#x638;&#x6C1;&#x6CC;&#x631; &#x627;&#x644;&#x62F;&#x6CC;&#x646; &#x628;&#x627;&#x628;&#x631; &#x627;&#x648;&#x631; &#x627;&#x646; &#x6A9;&#x627; &#x639;&#x6C1;&#x62F; ;; Zaheer-ud-Din Babur aur unka ahad /</subfield>
    <subfield code="b"> [&#x627;&#x6CC;&#x6A9; &#x645;&#x633;&#x62A;&#x646;&#x62F; &#x627;&#x648;&#x631; &#x646;&#x627;&#x62F;&#x631; &#x6A9;&#x62A;&#x627;&#x628;]</subfield>
    <subfield code="c"> William Erskine ;  tr. by Husain anwar ;;  &#x648;&#x644;&#x6CC;&#x645; &#x627;&#x631;&#x633;&#x6A9;&#x6CC;&#x646; &#x645;&#x62A;&#x631;&#x62C;&#x645; &#x62D;&#x633;&#x6CC;&#x646; &#x627;&#x646;&#x648;&#x631;</subfield>
  </datafield>
  <datafield tag="260" ind1=" " ind2=" ">
    <subfield code="a">Hydrabad: </subfield>
    <subfield code="b">Saikh gulam ali ,</subfield>
    <subfield code="c">1962</subfield>
  </datafield>
  <datafield tag="300" ind1=" " ind2=" ">
    <subfield code="a">567 p. ;</subfield>
    <subfield code="c">23 cm</subfield>
  </datafield>
  <datafield tag="650" ind1=" " ind2=" ">
    <subfield code="a">History</subfield>
    <subfield code="z">Bengal</subfield>
    <subfield code="9">10146</subfield>
  </datafield>
  <datafield tag="942" ind1=" " ind2=" ">
    <subfield code="2">ddc</subfield>
    <subfield code="c">BK</subfield>
  </datafield>
  <datafield tag="999" ind1=" " ind2=" ">
    <subfield code="c">83239</subfield>
    <subfield code="d">83239</subfield>
  </datafield>
  <datafield tag="952" ind1=" " ind2=" ">
    <subfield code="0">0</subfield>
    <subfield code="1">0</subfield>
    <subfield code="2">ddc</subfield>
    <subfield code="4">0</subfield>
    <subfield code="7">1</subfield>
    <subfield code="8">NFIC</subfield>
    <subfield code="a">RUCL</subfield>
    <subfield code="b">RUCL</subfield>
    <subfield code="c">Reading</subfield>
    <subfield code="d">1971-12-04</subfield>
    <subfield code="e">Feroz &amp; Sons, Lahore</subfield>
    <subfield code="g">20.00</subfield>
    <subfield code="o">U 954.0231  WAJ 1962</subfield>
    <subfield code="r">2024-03-05 00:00:00</subfield>
    <subfield code="t">C-1</subfield>
    <subfield code="y">BK</subfield>
  </datafield>
</record>
